Rayuela (Registro nro. 34824)
[ vista simple ]
| 000 -ENCABEZADO | |
|---|---|
| Número de control [NR] | 00868nam a2200253Ia 4500 |
| 005 - FECHA Y HORA DE LA ÚLTIMA TRANSACCIÓN | |
| control field | 20211110120354.0 |
| 008 - DE LONGITUD FIJA DE DATOS DE ELEMENTOS - INFORMACIÓN GENERAL | |
| Elementos de longitud fija [NR] | 130821s1984 sp gr spa |
| 020 ## - NUMERO INTERNACIONAL NORMALIZADO PARA LIBROS [R] | |
| Número Internacional Normalizado del libro [NR] | 8437604575 |
| 040 ## - FUENTE DE CATALOGACION [NR] | |
| Agencia de catalogación original [NR] | Co-BoUCM |
| Idioma de catalogación [NR] | spa |
| Quien Cataloga | Sandra Palacio (modificó) |
| Quien Clasifica | [Nuevo] |
| 041 00 - CODIGO DE IDIOMA [R] | |
| Código de idioma para texto/pista de sonido o título separado [R] | Español |
| 100 10 - ASIENTO PRINCIPAL--NOMBRE PERSONAL [NR] | |
| Nombre personal [NR] | Cortazar, Julio |
| Fechas asociadas con el nombre [NR] | 1914-1984 |
| ID Autoridad | 1409 |
| 245 00 - MENCION DE TITULO [NR] | |
| Título [NR] | Rayuela |
| Mención de responsabilidad, etc. [NR] | Julio Cortazar, edición de Andrés Amorós |
| 250 ## - MENCION DE EDICION [NR] | |
| Mención de edición [NR] | 2a. ed. |
| 260 ## - PUBLICACION, DISTRIBUCION, ETC. (PIE DE IMPRENTA) [R] | |
| Lugar de publicación, distribución, etc. [R] | Madrid (España) |
| Nombre del editor, distribuidor, etc. [R] | Ediciones Cátedra |
| Fecha de publicación, distribución, etc. [R] | 1984 |
| 300 ## - DESCRIPCION FISICA [R] | |
| Extensión [R] | 155 páginas |
| 490 ## - MENCION DE SERIE [R] | |
| Mención de serie [R] | Catreda. |
| Designación numérica/secuencial del volumen [NR] | 200 |
| Mención de serie [R] | Letras Hispánicas |
| 650 17 - ASIENTO SECUNDARIO DE MATERIA - TERMINO TEMATICO [R] | |
| Término temático o nombre geográfico como elemento de entrada [NR] | Literatura argentina |
| 9 (RLIN) | 18607 |
| 650 27 - ASIENTO SECUNDARIO DE MATERIA - TERMINO TEMATICO [R] | |
| Término temático o nombre geográfico como elemento de entrada [NR] | Novela argentina |
| 9 (RLIN) | 20467 |
| 650 27 - ASIENTO SECUNDARIO DE MATERIA - TERMINO TEMATICO [R] | |
| Término temático o nombre geográfico como elemento de entrada [NR] | Surrealismo |
| 9 (RLIN) | 24973 |
| Subdivisión general [R] | Literatura |
| 690 ## - ASUNTO AGREGADO LOCAL DE ENTRADA - TÉRMINO TEMÁTICO (OCLC, RLIN) | |
| Acceso temático local | Literatura latinoamericana |
| 9 (RLIN) | 18700 |
| 700 10 - ASIENTO SECUNDARIO - NOMBRE PERSONAL [R] | |
| Nombre personal [NR] | Amorós, Andrés |
| Fechas asociadas con el nombre [NR] | 1941 |
| Término de relación [R] | editor |
| 9 (RLIN) | 81491 |
| 942 ## - ELEMENTOS DE ENTRADA AGREGADOS (KOHA) | |
| Tipo de ítem principal el descrito en 300a | Libro |
| Tema principal | Literatura |
| Edición | 2 |
| Prefijo de la signatura top. (colección) | Literatura - Argentina |
| Parte restante de la signatura top. | C827 |
| Sistema de clasificación | DEWEY |
| Clasificación | 863.44 |
| Fecha de último préstamo | Total préstamos | Total Renewals | Signatura topográfica | Código de barras | Última vez visto | Volúmen / Fascículo | Ejemplar | Price effective from | Tipo de ítem | Perdido | Sistema de clasificación | Dañado | No prestable | Tipo de ítem específico | Suprimido | Ubicación habitual | Ubicación actual | Localización | Fecha de creación | Forma de adquisición | Costo |
|---|---|---|---|---|---|---|---|---|---|---|---|---|---|---|---|---|---|---|---|---|---|
| 25/03/2025 | 217 | 77 | A 863.44 C827 | 100060685 | 09/12/2025 | 2a.Ed. | Ej.1 | 03/02/2013 | Libro | DEWEY | Libro | Claustro | Claustro | 2do piso | 28/02/2003 | Donación | 10000.00 |